000 02380nam0a2200385 4500
001 RU\NLR\BIBL_A\016309641
005 20230703120227.0
010 _a978-5-00175-168-7
_9100
021 _aRU
_bКН-П-23-003880
_9КН-П-23-0379
035 _a(NLR Aleph) 016309641
035 _a(RuMoRGB)011551201
090 _a12998504
_c12998504
100 _a20230314d2022 u y0rusy50 ca
101 0 _arus
102 _aRU
105 _aa|||j|||000zy
181 0 _ai
_baxxe
182 0 _an
200 1 _aЭнергетические методы механики
_eучебное пособие
_fВ. Б. Пеньков, Д. А. Иванычев, Л. В. Левина
_gМинистерство науки и высшего образования Российской Федерации, Федеральное государственное бюджетное образовательное учреждение высшего образования "Липецкий государственный технический университет"
203 _aТекст
_bвизуальный
_cнепосредственный
210 _aЛипецк
_cЛипецкий государственный технический университет
_d2022
215 _a71 с.
_cил., табл.
_d21
313 _aЛабораторные работы. Теория упругости
320 _aБиблиогр.: с. 70-71 (10 назв.)
606 1 _aУпругости теория
_xЗадачи
_xРешение на компьютерах
_xЛабораторная практика
_jУчебные издания для высших учебных заведений
_2nlr_sh2
_3RU\NLR\AUTH\6601725977
606 1 _aMATHEMATICA 7.0, пакет прикладных программ
_jУчебные издания для высших учебных заведений
_2nlr_sh2
_3RU\NLR\AUTH\6601725978
675 _a539.3(075.8)
_v4
686 1 _aВ251.1с116я73-5
700 1 _aПеньков
_bВ.Б.
_gВиктор Борисович
701 1 _aИванычев
_bД. А.
_gДмитрий Алексеевич
701 1 _aЛевина
_bЛ. В.
_cканд. физ.-мат. наук
_gЛюбовь Владимировна
_3RU\NLR\AUTH\770255176
942 _cBOOK
980 _aNB